000 00540cam a22002291 4500
001 sa 62000167
003 DLC
005 20260227111913.0
008 950117q19601962ii 000 1 hino
010 _asa 62000167
025 _aPL480:I-H-13x
035 _a(OCoLC)31829404
040 _aDLC
_cCU
_dCU
_dDLC
042 _apremarc
050 0 0 _aPK2098.S545
_bM7
100 1 _aSingh, Nanak,
_d1897-1971.
245 1 0 _aMr̥gatr̥shṇā.
260 _c[196-]
300 _a104 p.
_c17 cm.
500 _aIn Hindi.
500 _aA novel.
999 _c52823
_d52823